ბათუმის შოთა რუსთაველის სახელმწიფო უნივერსიტეტის ბიბლიოთეკა

Лечебная физическая культура (ბიბ.ჩანაწერი № 45430)

000 -LEADER
fixed length control field 00680nam a2200241Ia 4500
001 - CONTROL NUMBER
control field 12254
003 - CONTROL NUMBER IDENTIFIER
control field GE_BSU
008 - FIXED-LENGTH DATA ELEMENTS--GENERAL INFORMATION
fixed length control field 181216s||||||||xx |||||||||||||| ||und||
020 ## - INTERNATIONAL STANDARD BOOK NUMBER
International Standard Book Number 5225041795
040 ## - CATALOGING SOURCE
Transcribing agency GE_BSU
080 ## - UNIVERSAL DECIMAL CLASSIFICATION NUMBER
Universal Decimal Classification number 615.82(035.3)
245 ## - TITLE STATEMENT
Title Лечебная физическая культура
245 ## - TITLE STATEMENT
Remainder of title Справочник
245 ## - TITLE STATEMENT
Statement of responsibility, etc. Под.ред. В.А.Епифанова
250 ## - EDITION STATEMENT
Edition statement 2-ое дополн.и перераб.
260 ## - PUBLICATION, DISTRIBUTION, ETC.
Place of publication, distribution, etc. Москва
260 ## - PUBLICATION, DISTRIBUTION, ETC.
Name of publisher, distributor, etc. Медицина
260 ## - PUBLICATION, DISTRIBUTION, ETC.
Date of publication, distribution, etc. 2004
300 ## - PHYSICAL DESCRIPTION
Extent 592стр.илл.21см.
653 ## - INDEX TERM--UNCONTROLLED
Uncontrolled term Лечебная физическая культура
942 ## - ADDED ENTRY ELEMENTS (KOHA)
Koha item type წიგნი
ეგზემპლარები
Withdrawn status Lost status Damaged status Not for loan Date acquired Barcode Date last seen Price effective from Koha item type
        2018-12-17 36152 2018-12-17 2018-12-17 წიგნი
        2018-12-17 36153 2018-12-17 2018-12-17 წიგნი
        2018-12-17 36154 2018-12-17 2018-12-17 წიგნი
        2018-12-17 36155 2018-12-17 2018-12-17 წიგნი
        2018-12-17 36156 2018-12-17 2018-12-17 წიგნი
        2018-12-17 36157 2018-12-17 2018-12-17 წიგნი
        2018-12-17 36158 2018-12-17 2018-12-17 წიგნი